000 00547nam a22001577a 4500
008 130321b enk||||| |||| 00| 0 eng d
020 _a9780199289929
100 _aKlausen, Jytte.
245 _aThe Islamic challenge :
_bpolitics and religion in Western Europe /
_cJytte Klausen.
260 _aNew York, N.Y. :
_bOxford University Press,
_c2005.
300 _avii, 253 p. ;
_c24 cm.
504 _aIncludes bibliographical references ([223]-229) and index.
650 _aIslam and state
650 _aMuslims
_zEurope, Western.
942 _2lcc
_cBK
999 _c36308
_d36308